000 00588nam a2200193 a 4500
005 20140311163004.0
008 030917s19uu xx 00 eng d
020 _a082737321X
050 _aTX 911.3.P4
_b.T36 2001
100 _aTanke, Mary L.
245 _aHuman resources management for the hospitality industry /
_cMary L. Tanke.
260 _aAfrica :
_bDelmar Thomson Learning,
_c2001.
300 _axv, 446 p. :
_bill. ;
_c24 cm.
500 _aIncludes Index
521 _aTOU
650 _aHospitality industry
_xpersonnel management
942 _cBK
_2lcc
_kFOR
999 _c39280
_d39280